000
00308nam a22001337a 4500
008
181012b xxu||||| |||| 00| 0 eng d
020
_a
9780849313370
041
_a
eng
080
_2
2nd
_a
612.39
100
_a
10
101
_a
NUT
245
_a
Nutritional Concerns of Women
_c
Zacas,D,K
942
_2
udc
_c
BK
999
_c
49532
_d
49532